| 000 | 00629nam a22002057a 4500 | ||
|---|---|---|---|
| 999 |
_c17245 _d17245 |
||
| 003 | AR-CdUCM | ||
| 008 | 190507b ||||| |||| 00| 0 spa d | ||
| 040 |
_aMUNICIPALIDAD PROVINCIAL DEL CUSCO _cBIBLIOTECA MUNICIPAL DEL CUSCO |
||
| 082 |
_a575.1 / _bH47 |
||
| 100 |
_aHertwig, Oscar _937136 |
||
| 245 | _aGénesis de los organismos / | ||
| 260 |
_aMadrid : _bEspasa - Calpe, _c1929 |
||
| 300 |
_a381 paginas ; _c20 cm. |
||
| 440 |
_aBiblioteca de ideas del siglo XX _n11 _937137 |
||
| 650 |
_aOrganismos _922882 |
||
| 650 |
_aIdeas _95739 |
||
| 700 |
_aOrtega, Jose _915083 |
||
| 942 |
_2ddc _cLIBROS |
||
| 945 |
_apjha _d2019-05-07 |
||